[Event "Netanya op"]
[Site "Netanya"]
[Date "2019.06.27"]
[Round "5"]
[White "Yaniv, Yuval"]
[Black "Regenbogen, Yoseph"]
[Result "1-0"]
[WhiteElo "2120"]
[BlackElo "1806"]
[PlyCount "63"]
[EventDate "2019.06.23"]
[EventType "swiss"]
[EventRounds "9"]
[EventCountry "ISR"]
[SourceTitle "CBM 191 Extra"]
[Source "ChessBase"]
[SourceDate "2019.09.30"]
[SourceVersion "1"]
[SourceVersionDate "2019.09.30"]
[SourceQuality "1"]

1. Nf3 d5 2. c4 d4 3. b4 b6 4. e3 dxe3 5. fxe3 e6 6. a3 Be7 7. d4 Nf6 8. Bd3 Bb7 9. Nc3 a5 10. b5 Nbd7 11. 0-0 Nf8 12. e4 Ng6 13. e5 Nd7 14. Kh1 Ndf8 15. Be4 Bxe4 16. Nxe4 h6 17. Bb2 Qd7 18. Nfd2 Nh7 19. Qh5 0-0 20. Rf3 Rac8 21. Raf1 Bd8 22. a4 Nh8 23. Ba3 Be7 24. Bxe7 Qxe7 25. Nf6+ Nxf6 26. exf6 Qb4 27. fxg7 Kxg7 28. Qe5+ Kh7 29. Ne4 Qe7 30. Nf6+ Kg7 31. Rg3+ Ng6 32. Nh5+ 1-0

[Event "Netanya op"]
[Site "Netanya"]
[Date "2019.06.26"]
[Round "4"]
[White "Regenbogen, Yoseph"]
[Black "Freidles, Victor"]
[Result "1-0"]
[WhiteElo "1806"]
[BlackElo "2040"]
[PlyCount "99"]
[EventDate "2019.06.23"]
[EventType "swiss"]
[EventRounds "9"]
[EventCountry "ISR"]
[SourceTitle "CBM 191 Extra"]
[Source "ChessBase"]
[SourceDate "2019.09.30"]
[SourceVersion "1"]
[SourceVersionDate "2019.09.30"]
[SourceQuality "1"]

1. c4 e6 2. d4 f5 3. Nc3 Nf6 4. Nf3 d5 5. cxd5 exd5 6. Bf4 c6 7. e3 Bd6 8. Bxd6 Qxd6 9. Bd3 0-0 10. 0-0 Ne4 11. Ne5 Nd7 12. f4 Ndf6 13. Be2 a5 14. a3 Nxc3 15. bxc3 b5 16. Re1 Bd7 17. Bf3 Rfb8 18. Qb3 Be6 19. Re2 h6 20. g3 Kh7 21. Qc2 Kg8 22. h3 c5 23. g4 Ne4 24. Rg2 b4 25. axb4 axb4 26. Rxa8 Rxa8 27. cxb4 cxb4 28. Qb2 Ra3 29. Re2 Nc3 30. Re1 Ra2 31. Qb3 Ra3 32. Qb2 Na4 33. Qb1 Nc3 34. Qb2 fxg4 35. hxg4 Na4 36. Qb1 b3 37. f5 b2 38. fxe6 Ra1 39. Qxa1 bxa1Q 40. Rxa1 Nb6 41. Rc1 Kf8 42. Rc6 Qb4 43. Rxb6 Qe1+ 44. Kg2 Qd2+ 45. Kg3 Qxe3 46. Rd6 Ke7 47. Rxd5 Kxe6 48. Rd7 g5 49. d5+ Kf6 50. Rf7+ 1-0